Engineerijng design: (Record no. 64565)

000 -LEADER
fixed length control field 00556nam a22002057a 4500
003 - CONTROL NUMBER IDENTIFIER
control field NUST-PNEC
005 - DATE AND TIME OF LATEST TRANSACTION
control field 20170116180850.0
008 - FIXED-LENGTH DATA ELEMENTS--GENERAL INFORMATION
fixed length control field 140426b xxu||||| |||| 00| 0 eng d
020 ## - INTERNATIONAL STANDARD BOOK NUMBER
International Standard Book Number 0071162046
040 ## - CATALOGING SOURCE
Transcribing agency PNEC
082 ## - DEWEY DECIMAL CLASSIFICATION NUMBER
Classification number 620.0042 DIE
100 ## - MAIN ENTRY--PERSONAL NAME
9 (RLIN) 53
Personal name Dieter, George E.
245 ## - TITLE STATEMENT
Title Engineerijng design:
Remainder of title A material and processing approach
Statement of responsibility, etc. George E. Dieter
250 ## - EDITION STATEMENT
Edition statement 3rd ed.
260 ## - PUBLICATION, DISTRIBUTION, ETC.
Place of publication, distribution, etc. Boston
Name of publisher, distributor, etc. McGraw Hill
Date of publication, distribution, etc. c.2000
300 ## - PHYSICAL DESCRIPTION
Extent xviii, 798 p . :
Other physical details ill. :
Dimensions 25 cm.
500 ## - GENERAL NOTE
General note Includes index.
650 ## - SUBJECT ADDED ENTRY--TOPICAL TERM
General subdivision ME
942 ## - ADDED ENTRY ELEMENTS (KOHA)
Source of classification or shelving scheme
Koha item type Book
Holdings
Withdrawn status Lost status Source of classification or shelving scheme Damaged status Not for loan Permanent Location Current Location Shelving location Date acquired Total Checkouts Full call number Barcode Date last seen Price effective from Koha item type
          Pakistan Navy Engineering College (PNEC) Pakistan Navy Engineering College (PNEC)       620.0042 DIE PNECLIB-028056 08/25/2015   Book
          Pakistan Navy Engineering College (PNEC) Pakistan Navy Engineering College (PNEC)       620.0042 DIE PNECLIB-026149 08/27/2015   Book
          Pakistan Navy Engineering College (PNEC) Pakistan Navy Engineering College (PNEC)       620.0042 DIE PNECLIB-025532 08/29/2015   Book
© 2023 Central Library, National University of Sciences and Technology. All Rights Reserved.